| 000 | 00469nam a2200193Ia 4500 | ||
|---|---|---|---|
| 003 | IN-BaIIA | ||
| 008 | 211028s9999 xx 000 0 eng d | ||
| 020 | _a81-224-0419-7 | ||
| 040 | _cIIA Library | ||
| 080 |
_a519.2 _bMED |
||
| 100 |
_aMedhi, J _935719 |
||
| 245 | 0 |
_aStatistical methods _cJ. Medhi |
|
| 250 | _arep. | ||
| 260 |
_aNew Delhi _bNew Age International _c2000 |
||
| 300 | _a437p. | ||
| 650 |
_aBiometry _935720 |
||
| 650 | _aStatistics | ||
| 942 | _cBK | ||
| 999 |
_c18643 _d18643 |
||